| 000 | 00518nam a22001697a 4500 | ||
|---|---|---|---|
| 003 | NUST | ||
| 038 | _aNusrat Nadeem | ||
| 082 | _a200 | ||
| 100 |
_aHussain, Mureed _9123542 |
||
| 245 |
_aLHCb and Physics Beyond the Standard ModelSome Aspects/ _cMureed Hussain |
||
| 264 |
_aIslamabad; _bSNS NUST; _c2019; |
||
| 300 |
_a122,p; _bill; _c30,cm. |
||
| 650 |
_aPhD- Physics _9123513 |
||
| 700 |
_aSupervisor: Dr. Rizwan Khalid _9123543 |
||
| 856 | _uhttp://10.250.8.41:8080/xmlui/handle/123456789/3215 | ||
| 942 |
_2ddc _cSC |
||
| 999 |
_c609713 _d609713 |
||